000 00685nam a22002177a 4500
003 LK-CoMWRAF
005 20230921103939.0
008 230903b2005 |||||||| |||| 00| 0 eng d
020 _a9991668306
040 _aLK-CoMWRAF
_dLK-CoMWRAF
_eLK-CoMWRAF
041 _aeng
082 _a823
_bBET
245 _aBetween yesterday and tomorrow:
_bwritings by Namibian women
260 _aWindhoek:
_bWomen's Leadership Centre,
_c2005
300 _a xxxii, 212 p. : ill. ; 24 cm.
650 _aNAMIBIAN LITERATURE(ENGLISH)-Women authors
650 _aWomen's rights--Literary collections.
650 _aNamibia--Literary collections.
700 _aIKhaxas, Elizabeth.
_eed.
942 _cBK
999 _c3388
_d3388